LEADER 00805nam0-22003011i-450- 001 990003128210403321 035 $a000312821 035 $aFED01000312821 035 $a(Aleph)000312821FED01 035 $a000312821 100 $a20000920d1957----km-y0itay50------ba 101 0 $aITA 102 $aIT 200 1 $a<>mercante di Prato$eFrancesco di Marco Datini$fdi Iris Origo. 210 $a[Milano]$cBompiani$d\[\\1957]. 215 $a415 p.$d24 cm 610 0 $aDatini, Francesco, 1335-1410 610 0 $aItalia$aCommercio$aStoria 676 $aE/2 702 1$aOrigo,$bIris 801 0$aIT$bUNINA$gRICA$2UNIMARC 901 $aBK 912 $a990003128210403321 952 $aE/2 ORI$b014526$fSES 959 $aSES 996 $aMercante di Prato$9456573 997 $aUNINA DB $aING01 LEADER 01084nam0-2200385---450 001 990005723340203316 005 20190403125015.0 035 $a000572334 035 $aUSA01000572334 035 $a(ALEPH)000572334USA01 035 $a000572334 100 $a20070731d1934----|||y0itaa50------ba 101 $aita 102 $ait 105 $a0 00||| 200 1 $aJean Bodin$epolitica e diritto nel Rinascimento francese$fA. Garosci 210 $aMilano$cCorticelli$d1934 215 $a329 p.$d20 cm. 225 2 $aStorica. Serie critica 410 0$12001$aStorica. Serie critica 606 $aBodin, Jean$xFilosofia politica$2F 620 $dMILANO 676 $a340.109 700 1$aGAROSCI,$bAldo$0136889 801 0$aIT$bSA$c20111219 912 $a990005723340203316 950 0$aDipar.to di Filosofia - Salerno$dDFCC 340.109 GAR$e1965 FIL 951 $aCC 340.109 GAR$b1965 FIL 959 $aBK 969 $aFIL 979 $c20121027$lUSA01$h1526 979 $c20121027$lUSA01$h1615 996 $aJean Bodin$9545634 997 $aUNISA NUM $aSA0021539